<?xml version="1.0" encoding="UTF-8"?>
<record
    xmlns:xsi="http://www.w3.org/2001/XMLSchema-instance"
    xsi:schemaLocation="http://www.loc.gov/MARC21/slim http://www.loc.gov/standards/marcxml/schema/MARC21slim.xsd"
    xmlns="http://www.loc.gov/MARC21/slim">

  <leader>01557nam a22002417a 4500</leader>
  <controlfield tag="005">20221205093647.0</controlfield>
  <controlfield tag="008">221205b           ||||| |||| 00| 0 eng d</controlfield>
  <datafield tag="040" ind1=" " ind2=" ">
    <subfield code="c">AL</subfield>
  </datafield>
  <datafield tag="041" ind1=" " ind2=" ">
    <subfield code="a">kan</subfield>
  </datafield>
  <datafield tag="082" ind1=" " ind2=" ">
    <subfield code="2">23</subfield>
    <subfield code="a">361.092K</subfield>
    <subfield code="b">SUVS</subfield>
  </datafield>
  <datafield tag="100" ind1=" " ind2=" ">
    <subfield code="a">Sukhalakshi Y Suvarna: &#xCB8;&#xCC1;&#xC96;&#xCB2;&#xCBE;&#xC95;&#xCCD;&#xCB7;&#xCBF; &#xCB5;&#xCC8; &#xCB8;&#xCC1;&#xCB5;&#xCB0;&#xCCD;&#xCA3; </subfield>
    <subfield code="9">64689</subfield>
  </datafield>
  <datafield tag="245" ind1=" " ind2=" ">
    <subfield code="a">Sanjeevana: jananayaka M Sanjeeva avara jeevana kathana</subfield>
    <subfield code="b">&#xCB8;&#xC82;&#xC9C;&#xCC0;&#xCB5;&#xCA8;: &#xC9C;&#xCA8;&#xCA8;&#xCBE;&#xCAF;&#xC95; &#xC8E;&#xC82; &#xCB8;&#xC82;&#xC9C;&#xCC0;&#xCB5; &#xC85;&#xCB5;&#xCB0; &#xC9C;&#xCC0;&#xCB5;&#xCA8; &#xC95;&#xCA5;&#xCA8; </subfield>
  </datafield>
  <datafield tag="250" ind1=" " ind2=" ">
    <subfield code="a">2</subfield>
  </datafield>
  <datafield tag="260" ind1=" " ind2=" ">
    <subfield code="a">Mangaluru</subfield>
    <subfield code="b">Akrati Ashaya Publications</subfield>
    <subfield code="c">2019</subfield>
  </datafield>
  <datafield tag="300" ind1=" " ind2=" ">
    <subfield code="a">245p.</subfield>
    <subfield code="b">HB</subfield>
    <subfield code="c">22x15cm.</subfield>
  </datafield>
  <datafield tag="365" ind1=" " ind2=" ">
    <subfield code="2">Kannada</subfield>
    <subfield code="b">350.00</subfield>
    <subfield code="c">&#x20B9;</subfield>
    <subfield code="d">350.00</subfield>
  </datafield>
  <datafield tag="520" ind1=" " ind2=" ">
    <subfield code="a">&#xC95;&#xCB0;&#xCCD;&#xCA8;&#xCBE;&#xC9F;&#xC95; &#xC95;&#xC82;&#xCA1; &#xC85;&#xCAA;&#xCB0;&#xCC2;&#xCAA;&#xCA6; &#xC9C;&#xCA8;&#xCA8;&#xCBE;&#xCAF;&#xC95;&#xCB0;&#xCB2;&#xCCD;&#xCB2;&#xCCA;&#xCAC;&#xCCD;&#xCAC;&#xCB0;&#xCC1; &#xCB6;&#xCCD;&#xCB0;&#xCC0;&#xCAF;&#xCC1;&#xCA4; &#xC8E;&#xC82;  &#xCB8;&#xC82;&#xC9C;&#xCC0;&#xCB5;&#xCB0;&#xCC1;. &#xC9C;&#xCA8;&#xCB0; &#xCAC;&#xCA6;&#xCC1;&#xC95;&#xCA8;&#xCCD;&#xCA8;&#xCC1; &#xCB9;&#xCB8;&#xCA8;&#xCC1; &#xCAE;&#xCBE;&#xCA1;&#xCC1;&#xCB5; &#xC9B;&#xCB2;&#xCA4;&#xCCA;&#xC9F;&#xCCD;&#xC9F;&#xCC1; &#xCA4;&#xCB3;&#xCAE;&#xC9F;&#xCCD;&#xC9F;&#xCA6;&#xCBF;&#xC82;&#xCA6; &#xCAE;&#xCC7;&#xCB2;&#xCC6;&#xCA6;&#xCCD;&#xCA6;&#xCC1; &#xC9C;&#xCA8;&#xCA8;&#xCBE;&#xCAF;&#xC95;&#xCB0;&#xCBE;&#xCA6;&#xCB5;&#xCB0;&#xCC1;, &#xCA8;&#xCBE;&#xCAF;&#xC95;&#xCB0;&#xCBE;&#xC97;&#xCBF;&#xCAF;&#xCC2; &#xC9C;&#xCA8;&#xCB0;&#xCCA;&#xC82;&#xCA6;&#xCBF;&#xC97;&#xCBF;&#xCA6;&#xCCD;&#xCA6;&#xCB5;&#xCB0;&#xCC1; &#xC95;&#xCC6;&#xCB2;&#xCB5;&#xCC7; &#xC95;&#xCC6;&#xCB2;&#xCB5;&#xCB0;&#xCC1;.  &#xC85;&#xC82;&#xCA5;&#xCB5;&#xCB0;&#xCB2;&#xCCD;&#xCB2;&#xCBF; &#xC85;&#xCAA;&#xCB0;&#xCC2;&#xCAA;&#xCA6;&#xCB5;&#xCB0;&#xCCA;&#xCAC;&#xCCD;&#xCAC;&#xCB0;&#xCC1; &#xC8E;&#xC82; &#xCB8;&#xC82;&#xC9C;&#xCC0;&#xCB5;. </subfield>
  </datafield>
  <datafield tag="650" ind1=" " ind2=" ">
    <subfield code="a">Biography: &#xC9C;&#xCC0;&#xCB5;&#xCA8; &#xC9A;&#xCB0;&#xCBF;&#xCA4;&#xCCD;&#xCB0;&#xCC6; </subfield>
    <subfield code="9">64685</subfield>
  </datafield>
  <datafield tag="650" ind1=" " ind2=" ">
    <subfield code="a">Political Leader: &#xCB0;&#xCBE;&#xC9C;&#xC95;&#xCC0;&#xCAF; &#xCA8;&#xCBE;&#xCAF;&#xC95;&#xCB0;&#xCC1; </subfield>
    <subfield code="9">64686</subfield>
  </datafield>
  <datafield tag="650" ind1=" " ind2=" ">
    <subfield code="a">Social Worker: &#xCB8;&#xCAE;&#xCBE;&#xC9C; &#xCB8;&#xCC1;&#xCA7;&#xCBE;&#xCB0;&#xC95;&#xCB0;&#xCC1; </subfield>
    <subfield code="9">64687</subfield>
  </datafield>
  <datafield tag="700" ind1=" " ind2=" ">
    <subfield code="a">SUVARNA (Sukhalakshi): &#xCB8;&#xCC1;&#xCB5;&#xCB0;&#xCCD;&#xCA3; (&#xCB8;&#xCC1;&#xC96;&#xCB2;&#xCBE;&#xC95;&#xCCD;&#xCB7;&#xCBF; &#xCB5;&#xCC8;)</subfield>
    <subfield code="9">64688</subfield>
  </datafield>
  <datafield tag="942" ind1=" " ind2=" ">
    <subfield code="2">ddc</subfield>
    <subfield code="c">DB</subfield>
  </datafield>
  <datafield tag="999" ind1=" " ind2=" ">
    <subfield code="c">225425</subfield>
    <subfield code="d">225425</subfield>
  </datafield>
  <datafield tag="952" ind1=" " ind2=" ">
    <subfield code="0">0</subfield>
    <subfield code="1">0</subfield>
    <subfield code="2">ddc</subfield>
    <subfield code="4">0</subfield>
    <subfield code="7">0</subfield>
    <subfield code="8">SW</subfield>
    <subfield code="a">AL</subfield>
    <subfield code="b">AL</subfield>
    <subfield code="d">2022-12-02</subfield>
    <subfield code="g">365.00</subfield>
    <subfield code="l">0</subfield>
    <subfield code="o">361.092K SUVS</subfield>
    <subfield code="p">D04838</subfield>
    <subfield code="r">2022-12-05 00:00:00</subfield>
    <subfield code="v">365.00</subfield>
    <subfield code="w">2022-12-05</subfield>
    <subfield code="y">DB</subfield>
    <subfield code="z">Donated by  Sukhalakshi Y Suvarna</subfield>
  </datafield>
  <datafield tag="952" ind1=" " ind2=" ">
    <subfield code="0">0</subfield>
    <subfield code="1">0</subfield>
    <subfield code="2">ddc</subfield>
    <subfield code="4">0</subfield>
    <subfield code="7">0</subfield>
    <subfield code="8">SW</subfield>
    <subfield code="a">AL</subfield>
    <subfield code="b">AL</subfield>
    <subfield code="d">2022-12-02</subfield>
    <subfield code="g">365.00</subfield>
    <subfield code="l">0</subfield>
    <subfield code="o">361.092K SUVS</subfield>
    <subfield code="p">D04839</subfield>
    <subfield code="r">2022-12-05 00:00:00</subfield>
    <subfield code="v">365.00</subfield>
    <subfield code="w">2022-12-05</subfield>
    <subfield code="y">DB</subfield>
    <subfield code="z">Donated by  Sukhalakshi Y Suvarna</subfield>
  </datafield>
</record>
